000 00808cab a2200229 4500
001 WB3010-77
008 090401t1994 xxu||||| |||| 00| 0 eng d
035 _a(Sirsi) u83996
041 _aeng
245 _aWestminster culls boards
260 _c1994
350 _a0
490 _aEstates Gazette
_v(9409) 5 March 1994, 36(1)
520 _aWest End agents are furious at the DoE`s decision to allow Westminster council to extend its clampdown on letting boards to a further 10 conservation areas including St James`s, Strand, Trafalgar Square and Covent Garden.
650 _aCONSERVATION AREAS
650 _aESTATE AGENTS BOARDS
650 _aLETTING AGENTS
650 _aWESTMINSTER LBC
690 _aMANAGEMENT-BUSINESS MANAGEMENT-PROFESSIONAL PRACTICE
942 _n0
948 _c04/03/1997
999 _c52847
_d52847